Rǧimen laboral del derecho deportivo colombiano

Detalles Bibliográficos
Autor principal: Garzn̤ Landn̕ez, Tary Cuyana
Otros Autores: Diazgranados Quimbaya, Carlos Manuel
Formato: Software eBook
Lenguaje:español
Publicado: Bogot:̀ Universidad Catl̤ica de Colombia, 2016
Materias:
Acceso en línea:Acceso restringido

MARC

LEADER 00000nam a22000007a 4500
005 20181028222658.0
007 cu|||| ||||
008 181028s2016 co |||||s|||| 00||0 spa d
020 |a 978-958-8934-32-7 
035 |a 22135 
040 |a vLex 
090 |c 8197  |d 8197 
100 1 |a Garzn̤ Landn̕ez, Tary Cuyana 
245 1 0 |a Rǧimen laboral del derecho deportivo colombiano  |h [Recurso electrn̤ico] /  |c Tary Cuyana Garzn̤ Landn̕ez, Carlos Manuel Diazgranados Quimbaya 
256 |a Servicio en ln̕ea 
260 |a Bogot:̀  |b Universidad Catl̤ica de Colombia,  |c 2016 
300 |a 1 recurso electrn̤ico 
506 1 |a Disponible solo en los productos indicados  |d vLex Global  |d vLex Global (Academic Edition, excluding Law Schools)  |d vLex Global (U.S. Academic Edition, Law Schools)  |d vLex Global (U.S. Academic Edition, excluding Law Schools)  |d vLex Global (Academic Edition, Law Schools) 
650 0 4 |a Derecho Laboral y Seguridad Social  |z Colombia 
700 1 |a Diazgranados Quimbaya, Carlos Manuel 
740 0 |a vLex Libros (Servicio en ln̕ea) 
856 4 0 |u http://vlex.com/source/regimen-laboral-derecho-deportivo-colombiano-22135  |z Acceso restringido 
942 |c BOOK 
999 0 |a Labor law and social security